zpět

Detail výsledku týmu

Spin Pub, Třebíč

Datum a čas kvízu

22 Celkem bodů Celkový počet nahraných bodů na tomto kvízu bez doplňovacích otázek.
6. Pořadí na kvízu Konečné umístění týmu na tomto kvízu.

Zaznamenané odpovědi

# Otázka Odpověď Body Výsledky
1. V pondělí odhalil český prezid... C) ze skla 1
2. Který bývalý evropský preziden... Nicolas Sarkozy 1
3. Menší studio Voodoo Kollektiv... Jiří Kára 1
4. Na jedné technické univerzitě... Ostrava 0
5. Jak se jmenuje nový držitel pr... Ousmane Dembélé 0
6. Gesto, které vidíme na obrázku... 1C 2A 3B 4D 0
7. Které z uvedených gest má na B... B 1
8. Sheldon Cooper v Teorii velkéh... Spocka a tapíra (ještěra) 1
9. Která dvě písmena české dvouru... B, N 0.5
10. Na výřezu z obrazu francouzské... paroháč (že je mu žena nevěrná) 0